| Tag |
First Indicator |
Second Indicator |
Subfields |
| LEADER |
00000cam a2200000Ka 4500 |
| 001 |
in00002201650 |
| 006 |
m d f |
| 008 |
060816s2005 dcu s f000 0 eng d |
| 005 |
20230331150121.7 |
| 035 |
|
|
|a (OCoLC)ocm70914074
|
| 035 |
|
|
|a in00002201650
|
| 037 |
|
|
|a 008-029-00412-7
|b GPO
|c $3.50
|f paper
|
| 040 |
|
|
|a GPO
|c GPO
|d MvI
|d UtOrBLW
|
| 049 |
|
|
|a WWW
|
| 074 |
|
|
|a 0344-G-01 (online)
|
| 086 |
0 |
|
|a D 114.7/5-2:R 47
|
| 100 |
1 |
|
|a Carney, Stephen A.
|
| 245 |
1 |
0 |
|a Guns along the Rio Grande :
|b Palo Alto and Resaca de la Palma.
|
| 264 |
|
1 |
|a [Washington, D.C.] :
|b [U.S. Army Center of Military History],
|c [2005]
|
| 300 |
|
|
|a 1 electronic text :
|b HTML file.
|
| 336 |
|
|
|a text
|b txt
|2 rdacontent
|
| 337 |
|
|
|a computer
|b c
|2 rdamedia
|
| 338 |
|
|
|a online resource
|b cr
|2 rdacarrier
|
| 490 |
1 |
|
|a CMH pub ;
|v 73-2
|
| 490 |
1 |
|
|a U.S. Army campaigns of the Mexican War
|
| 500 |
|
|
|a Title from title screen (viewed on Aug. 16, 2006).
|
| 500 |
|
|
|a Paper version for sale by the Supt. of Docs., U.S. G.P.O.
|
| 538 |
|
|
|a Mode of access: Internet from the CMH web site. Address as of 8/16/06: http://www.army.mil/cmh-pg/brochures/Resaca%20de%20la%20Palma/Palo%20Alto.htm; current access available via PURL.
|
| 500 |
|
|
|a Electronic resource.
|
| 610 |
1 |
0 |
|a United States.
|b Army
|x History
|y Mexican War, 1846-1848.
|
| 650 |
|
0 |
|a Mexican War, 1846-1848
|x Campaigns.
|
| 650 |
|
0 |
|a Palo Alto, Battle of, Tex., 1846.
|
| 776 |
0 |
|
|a Carney, Stephen A.
|t Guns along the Rio Grande
|h 29 p.
|w (OCoLC)58551153
|
| 710 |
2 |
|
|a Center of Military History.
|
| 830 |
|
0 |
|a CMH pub ;
|v 73-2.
|
| 856 |
4 |
0 |
|u https://purl.fdlp.gov/GPO/LPS72504
|t 0
|
| 830 |
|
0 |
|a U.S. Army campaigns of the Mexican War.
|
| 999 |
|
|
|a MARS
|
| 999 |
f |
f |
|i a563b562-00a7-3f79-bf10-d3d751f9616f
|s 0df81dce-6e4a-3d9d-ac2d-d496e1c12300
|t 0
|
| 952 |
f |
f |
|a Texas A&M University
|b College Station
|c Electronic Resources
|d Available Online
|t 0
|e D 114.7/5-2:R 47
|h Superintendent of Documents classification
|
| 998 |
f |
f |
|a D 114.7/5-2:R 47
|t 0
|l Available Online
|